Study in Christology (Record no. 1584)

MARC details
000 -LEADER
fixed length control field 00697nam a2200253 a 4500
020 ## - INTERNATIONAL STANDARD BOOK NUMBER
ISBN
082 00 - DEWEY DECIMAL CLASSIFICATION NUMBER
Classification number 232
Author Cutter REL
100 ## - MAIN ENTRY--AUTHOR NAME
Author name Relton, H Maurice
245 ## - TITLE STATEMENT
Title Study in Christology
Sub title the Problem of the Relation of the Two Natures in Th
260 ## - PUBLICATION, DISTRIBUTION, ETC. (IMPRINT)
Place of publication London
Name of publisher Society for Promoting Christian Knowledg
Year of publication 1929
300 ## - PHYSICAL DESCRIPTION
Number of Pages 277p
500 ## - GENERAL NOTE
General note includes index and biblioraphy
505 2# - FORMATTED CONTENTS NOTE
Formatted contents note Index
650 ## - SUBJECT ADDED ENTRY--TOPICAL TERM
Topical Term Jesus Christ-Divinity
650 ## - SUBJECT ADDED ENTRY--TOPICAL TERM
Topical Term Theology-Dotrinal-Incarnation
942 ## - ADDED ENTRY ELEMENTS (KOHA)
Koha item type Books
700 1# -
-- Relton, H Maurice
Holdings
Home library Current library Date acquired Cost, normal purchase price Full call number Accession Number Koha item type
Henry Martyn Institute Library Henry Martyn Institute Library 06/15/2007 100.00 232 REL 1320 Archive Book
                   Copyright © 2026 | Henry Martyn Institute | Hyderabad | TS-500052 | INDIA | Implemented by hmi.edu.in
Hit-Count:

Powered by Koha